Current issues and problems in the auditing policy - lessons from the financial crisis

Saved in:
Bibliographic Details
Main Author: Polončák, Milan
Other Authors: Schwartzová, Zuzana
Format: Book Chapter
Language:English
Tags: Add Tag
No Tags, Be the first to tag this record!

MARC

LEADER 00000naa$a2200000$$$4500
001 0198144
005 20240502083503.7
041 0 |a eng 
044 |a UA 
245 1 0 |a Current issues and problems in the auditing policy - lessons from the financial crisis  |c Milan Polončák, Zuzana Schwartzová 
100 1 |a Polončák, Milan 
700 1 |a Schwartzová, Zuzana